000
00310nam a22001337a 4500
008
170209b xxu||||| |||| 00| 0 eng d
020
_a
9781416001010
041
_a
eng
080
_2
27ED
_a
61
100
_a
4
101
_a
SHM
245
_a
DORLANDS POCKET MEDICAL DICTIONARY
_c
NOVAK PATRICIA
942
_2
udc
_c
BK
999
_c
5047
_d
5047